| 000 | 00742nam a22002055i 4500 | ||
|---|---|---|---|
| 001 | 167357 | ||
| 003 | ES-MaACL | ||
| 005 | 20251013215537.0 | ||
| 008 | 940206s1894 sp a |||| | spa d | ||
| 040 |
_aCAM _bspa |
||
| 100 | 1 |
_aVeuillot, Louis ( _d1813-1883) _9133656 |
|
| 245 | 1 | 0 |
_aJesucristo / _cpor M. Louis Veuillot ; acompañado de un estudio sobre el arte cristiano por M.E. Cartier ; traduccion literaria bajo la direccion del Obispo de Areópolis ... |
| 250 | _a2ª ed. | ||
| 260 |
_aMadrid : _bViuda de Rodriguez, _c1894. |
||
| 300 |
_a2 v. : _bil. ; _c30 cm. |
||
| 600 | 0 | 4 |
_aJesucristo. _966361 |
| 700 | 1 |
_aCartier, Étienne, _d1813-1887 _935897 |
|
| 852 |
_aES-MaACL _jG-5216-17 _z-- Enc. cart. |
||
| 999 |
_c167357 _d167357 |
||